The convicts, 1788-1850

Saved in:
Bibliographic Details
Main Author: Gurry, T. F. (Timothy Francis), 1950-
Format: Slide
Language:English
Published: Melbourne : Visair Educational, 1975.
Series:Australian history visual resource file ; 1
Subjects:
LEADER 00955cgm a2200265 a 4500
001 c000215596
003 CARM
005 20060703132939.0
007 gs c| ju
008 860526s1975 vra024 sneng d
019 1 |a 4498429  |5 LACONCORD2021 
035 |a (OCoLC)219759217  |5 LACONCORD2021 
040 |a WCX  |b eng  |c WCX  |d ANL 
042 |a anuc 
043 |a u-at--- 
082 0 4 |a 365.994  |2 19 
100 1 |a Gurry, T. F.  |q (Timothy Francis),  |d 1950- 
245 1 4 |a The convicts, 1788-1850  |h [slide] /  |c Tim Gurry. 
260 |a Melbourne :  |b Visair Educational,  |c 1975. 
300 |a 24 slides :  |b col. +  |e notes. 
440 0 |a Australian history visual resource file ;  |v 1 
650 0 |a Convicts  |z Australia  |x History. 
852 8 |b CARM  |h A2:AE25H0  |i F00746  |p 0269473  |f VM 
999 f f |i eb54c9ff-01ab-568e-9067-9456d327135c  |s d7c2e0e1-d649-5de0-8a60-10310892cfa3 
952 f f |p Can circulate  |a CAVAL  |b CAVAL  |c CAVAL  |d CARM 1 Store  |e F00746  |f A2:AE25H0  |h Other scheme  |i unspecified  |m 0269473